000 02167nam a22003137a 4500
999 _c21753
_d21753
003 AR-CdUCM
008 190425b ||||| |||| 00| 0 spa d
040 _aMUNICIPALIDAD PROVINCIAL DEL CUSCO
_cBIBLIOTECA MUNICIPAL DEL CUSCO
082 _aRev.Univ/N°99/1950
110 _aUniversidad Nacional de San Antonio Abad del Cusco
_915942
245 _aRevista Universitaria :
_bÓrgano de la Universidad del Cuzco /
260 _aCusco :
_bH.G. Rozas,
_c1950.
300 _a365 páginas. :
_c20 cm.
440 _aRevista Universitaria
_nAño XXXIX, 2° semestre 1950, N°99.
_945970
505 _aContenido: Sobre el sentido de lo universitario. Daniel E. Castillo V. -- Los criminales de Guerra. Luis Felipe Paredes. -- Machupicchu. Jorge Cornejo Bouroncle. -- El origen de Machu Picchu. Hiram Bingham. -- Aspecto económico de Viru una comunidad de la Costa Norte del Perú. Oscar Núñez del Prado. -- Los Ayllus Reales de San Sebastián. Maximiliano Moscoso. -- Trama filosófica de la educación. Fernando Manrique. -- Breve historia del radar antes y durante la ultima guerra. Hans Rothgiesser. -- Observaciones geológicas sobre los deslizamientos en la quebrada Ampay. Carlos Kalafatovich V. -- Distribución Geográfica de los principales Mamíferos peruanos. Jorge Chávez Chaparro. -- Notas fenológicas sobre la vegetación de los alrededores del Cuzco. Felipe Marín. -- Determinación de la glicerina en el residuo de la fabricación de jabones. Ernesto Montesinos. -- Consideraciones en torno a la lógica formal y la lógica dialéctica. Carlos Núñez Anavitarte. -- Cartas apócrifas. Jorge Cornejo Bouroncle.
650 _aMachupicchu
_91751
650 _aAyllus reales
_945971
650 _aSan Sebastián
_98695
650 _aVegetación cusqueña
_945972
650 _aGeología Apurímac
_945973
700 _aCornejo Bouroncle, Jorge
_915278
700 _aParedes, Luis Felipe
_916077
700 _aNúñez del Prado, Oscar
_95531
700 _aVillanueva Urteaga, Horacio
_95790
700 _aChávez Chaparro, Jorge
_945974
710 _aUniversidad Nacional de San Antonio Abad del Cusco
_915942
942 _2ddc
_cPP
945 _arac